Smernice k účtovaniu zásob spôsobom B - materiál, tovar, zásoby vlastnej výroby

Smernica o zásadách obstarania zásob, ich oceňovanie a účtovanie - materiál, tovar, zásoby vlastnej výroby. Členenie zásob - materiálu v účtovnej jednotke a ich ocenenie v účtovníctve, členenie zásob - tovaru v účtovnej jednotke a ich ocenenie v účtovníctve a členenie zásob vlastnej výroby v účtovne...

Full description

Saved in:
Bibliographic Details
Main Author: Mikláš, Martin
Format: Book Chapter
Language:Slovak
Subjects:
Tags: Add Tag
No Tags, Be the first to tag this record!

MARC

LEADER 00000naa a2200000 4500
001 0278556
005 20210920083823.7
041 0 |a slo 
044 |a SK 
245 1 0 |a Smernice k účtovaniu zásob spôsobom B - materiál, tovar, zásoby vlastnej výroby  |c Martin Mikláš 
520 |a Smernica o zásadách obstarania zásob, ich oceňovanie a účtovanie - materiál, tovar, zásoby vlastnej výroby. Členenie zásob - materiálu v účtovnej jednotke a ich ocenenie v účtovníctve, členenie zásob - tovaru v účtovnej jednotke a ich ocenenie v účtovníctve a členenie zásob vlastnej výroby v účtovnej jednotke a ich ocenenie v účtovníctve. Evidencia obehu zásob a účtovanie zásob. Metóda FIFO (First in First out) a metóda váženého aritmetického priemeru. 
610 2 0 |a účtovníctvo podvojné 
610 2 0 |a smernice 
610 2 0 |a zásoby materiálu 
610 2 0 |a zásoby tovaru 
610 2 0 |a zásoby výrobné 
610 2 0 |a oceňovanie 
100 1 |a Mikláš, Martin